|
|
|
|
| LEADER |
00000nab a2200000 a 4500 |
| 001 |
vtls011726885 |
| 003 |
SK-MaSNL |
| 005 |
20260319070918.0 |
| 008 |
171212c2017 xo w| 000 0|hun |
| 015 |
|
|
|a SNBRB2017/12
|
| 038 |
|
|
|a DSZK
|
| 040 |
|
|
|a DSZK
|b slo
|c DSZK
|e AACR2
|
| 041 |
0 |
|
|a hun
|
| 044 |
|
|
|a xo
|c SK
|
| 080 |
|
|
|a 821.511.141 (437.6)-92
|2 2011
|
| 100 |
1 |
|
|a Bodnár, Gyula,
|d 1948-
|4 aut
|9 100698
|
| 245 |
1 |
0 |
|a Meghosszabbítva tíz évvel
|c Bodnár Gyula
|
| 300 |
|
|
|b Fotogr.
|
| 650 |
0 |
7 |
|a maďarská próza
|2 SNKPH
|9 1194
|
| 650 |
0 |
7 |
|a glosy
|2 dszk
|9 435930
|
| 773 |
0 |
|
|t Vasárnap
|g Évf. 50, sz. 51 (2017), o. 19
|
| 852 |
|
|
|a DSZK
|b KIS3GCP
|
| 958 |
|
|
|a HU
|
| 958 |
|
|
|a SK
|
| 958 |
|
|
|a LX
|
| 999 |
|
|
|c 1790739
|d 1792669
|